000 00623nam a2200217Ia 4500
003 OSt
005 20220925204445.0
006 a|||||r|||| 00| 0
007 ta
008 220923b |||||||| |||| 00| 0 eng d
037 _cGeneral Book
040 _aRTL
_cRTL
_beng
041 _2eng
_aeng
082 _aJ:24:B28, J7
100 _aEwald Ursula
_9268570
245 0 _aRecent development of the world fertilizer market
_b A statistical analysis
260 _aGermany
_bkiel
_c1957
300 _aix, 227p.
_ccm.
942 _hJ:24:B28, J7
_cGB
_2CC
999 _c549473
_d549473